| 000 | 01096nam0a2200289 4500 | ||
|---|---|---|---|
| 001 | RU\NLR\BIBL_A\016338523 | ||
| 005 | 20250625045521.0 | ||
| 035 | _a(NLR Aleph) 016338523 | ||
| 090 |
_a13083984 _c13083984 |
||
| 100 | _a20230410d1933 |||y0rusy50 ca | ||
| 101 | 0 | _aava | |
| 102 | _aRU | ||
| 105 | _ay z 000 y | ||
| 181 | 0 |
_ai _baxxe |
|
| 182 | 0 | _an | |
| 200 | 1 |
_aДагъистанлъул хӀалтӀухъа базде, каохозчагӀазде ва киналго захӀмат чагӀазде _eкӀабилеб шугосанилалъул заёмалъул хӀакъалъулъ |
|
| 203 |
_aТекст _bвизуальный _cнепосредственный |
||
| 210 |
_aМахачкала _cДагъ. хӀукуматалъул басма _d1933 |
||
| 215 |
_a23,[1] с. _d18 |
||
| 300 | _aЛатин. графика | ||
| 541 | 1 |
_aО займе 2-й пятилетки _zrus |
|
| 606 | 1 |
_aЗаймы _9987719 _3RU\NLR\AUTH\6654601 |
|
| 686 | 1 | _aУ9(2)261.63 | |
| 852 |
_aNLR _bОНЛ _jАвар./2-79 |
||
| 942 | _cBOOK | ||
| 980 | _aNB | ||